000 01524cam a22004454i 4500
003 PE-LiUPU
005 20250731173057.0
008 150623s r 000 0 d
020 _a1563381656
035 _a(Sirsi) i9781563381652
040 _aPE-LiUPU
_bspa
_cPE-LiUPU
_erda
049 _aPRUA
082 0 4 _a207.11
_bC26
_221
100 1 _aCarmody, Denise Lardner,
_d1935-,
_eautor.
245 1 0 _aOrganizing a Christian mind :
_ba theology of higher education /
_cDenise Lardner Carmody.
264 1 _aValley Forge, Pennsylvania :
_bTrinity Press International,
_c1996.
300 _a229 páginas ;
_c22 centímetros
336 _atext
_2rdacontent
337 _aunmediated
_2rdamedia
338 _avolume
_2rdacarrier
505 0 _aOn human nature. -On physical nature. -On politics. -On divinity. -Education revisited. -Conclusion.
526 _aSEG42
526 _aSEG41
526 _aSEG40
526 _aSEG39
526 _aP94
526 _aP87
526 _aP86
526 _aP85
526 _aP77
526 _aP76
526 _aP35
650 0 4 _aEducación
_vEnsayos.
942 _2ddc
_cBOOK
949 _a207.11 C26
_wDEWEY
_c1
_i48631
_lCCODEBUL1
_mBUL
_r0
_sY
_tBOOK
_u2015-6-24
_xTEOLOGIA
_PP35
_0COMPRA
_o.STAFF. Colección General
994 _aC0
_bPEPRU
596 _a1
999 _a207.11 C26
_wDEWEY
_c27801
_i48631
_f2021-11-9
_g5
_lCCODEBUL1
_mBUL
_r0
_sY
_tBOOK
_u2015-6-24
_xTEOLOGIA
_PP35
_0COMPRA
_o.STAFF. Colección General
_d27801
980 _81
_gALBERTO SANCHEZ Responsable de Automatización